000 01162nam a2200325 a 4500
001 000111293
003 CHAP
005 20220329144205.0
008 150128s2014 mx fsm |||||||spa d
010 _a107755
011 _a108727
040 _cCHAP
090 _aTesis
100 1 _aCruz Sánchez, Pascual
_9129140
245 1 3 _aEl tlacolol, sistema de producción tradicional de milpa, en Xochipala, Tlaquiltenango, Morelos
_h[En línea]
_cpor Pascual Cruz Sánchez.
260 _aChapingo, Méx. :
_bEl autor,
_c2014.
500 _aPara ver el contenido del material haga clic en la liga
502 _aTesis (Ing. en Agroecología) -- UACH. Departamento de Agroecología
590 _aE11695DGD
_b10
_c20150130
_lUCH01
_h0900
590 _aE5995AHE
_b05
_c20150128
_lUCH01
_h1258
590 _aE5995AHE
_b05
_c20150128
_lUCH01
_h1258
650 1 4 _aMaíz
_xAspectos económicos
_xMorelos.
_970877
650 1 4 _aMaíz
_xMorelos.
_971022
650 1 4 _aRecursos genéticos.
_995078
650 1 4 _aSistemas de cultivo.
_9106746
856 _aFinding aid
_uhttp://10.13.5.2/tesis/sist111293.pdf
_zTeclea aquí
901 _aBK
942 _cTESIS
942 _n0
999 _c107755
_d107755